| 000 | 00867nam a2200265 i 4500 | ||
|---|---|---|---|
| 001 | bg | ||
| 245 | 0 | 0 |
_aSpain architects : _bworks. _n1 / _c[equipo Marta Alvarez et al.]. |
| 246 | 1 | 8 |
_iTyt. grzbiet.: _aArquitectura singular |
| 260 |
_aBarcelona : _bManel Padura, _c[2007]. |
||
| 300 |
_a336 s. : _bil. (gł. kolor.) ; _c33 cm. |
||
| 500 | _aTyt. grzbiet.: "Arquitectura singular : works 1". | ||
| 504 | _aTekst równol. hiszp. i ang. | ||
| 650 | 9 |
_aArchitektura hiszpańska _xprojekty _y20-21 w. |
|
| 650 | 9 |
_aArchitekci _zHiszpania _y20-21 w. |
|
| 700 | 1 | _aAlvarez, Marta. | |
| 020 | _a9788493559571 | ||
| 040 | _cBPK | ||
| 041 |
_aeng _aspa |
||
| 044 | _aSPA | ||
| 080 | _a72(460)"20/21" | ||
| 920 | _a978-84-935-5957-1 | ||
| 942 | _cKS | ||
| 008 | s pl f |000 0 pol | ||
| 999 |
_c55837 _d55837 |
||
| 856 |
_uhttp://koha.tu.koszalin.pl/cgi-bin/koha/opac-detail.pl?biblionumber=55837 _yKatalog online BPK |
||